000 00714nam a22001937a 4500
999 _c9448
_d9448
003 AR-CdUCM
008 190328b ||||| |||| 00| 0 spa d
040 _aMUNICIPALIDAD PROVINCIAL DEL CUSCO
_cBIBLIOTECA MUNICIPAL DEL CUSCO
082 _22ed.
_aC / 910.4 /
_bF39
100 _aFerro, Jose Ignacio
_925641
245 _aCuzco y Jerusalen :
_bapuntes de viaje tierra santa y Europa /
260 _aCuzco :
_bH.G. Rosas Sucesores,
_c1936.
300 _a168 páginas ;
_bfotografías.
_c21 cm.
505 _aLa peregrinación -- En Europa -- Por el sur de Francia -- En el país del arte -- En África...
650 _aViaje a Europa.
_925642
650 _aDescripción.
_91990
942 _2ddc
_cLIBROS
945 _awfj